| 000 | 00618nam a2200181 i 4500 | ||
|---|---|---|---|
| 001 | 51863 | ||
| 003 | ES-MaACL | ||
| 005 | 20240225063050.0 | ||
| 007 | t| | ||
| 008 | 030820s1966 sp ||||1| spa d | ||
| 100 | 1 |
_aDarío, Rubén, _d1867-1916 _942720 |
|
| 245 | 1 | 0 |
_aLetanía de nuestro señor Don Quijote / _cRubén Darío. |
| 260 |
_aMadrid : _bAfrodisio Aguado, _c[1966] |
||
| 300 |
_a14 p. ; _c20 cm. |
||
| 500 | _aEn la cubierta: "Edición conmemorativa de Afrodisio Aguado, S.A. Año Nuevo de mil novecientos sesenta y siete" | ||
| 852 |
_aES-MaACL _j2055-F-25 _bR.61652 |
||
| 999 |
_c51863 _d51863 |
||